| 000 | 01148 a2200229 4500 | ||
|---|---|---|---|
| 003 | Nust | ||
| 005 | 20221028192456.0 | ||
| 010 | _a 83062280 | ||
| 020 | _a0878915516 (pbk.) | ||
| 040 | _cNust | ||
| 082 | 0 | 0 | _a621.313,POG |
| 100 |
_a M. Fogiel, director. _9101715 |
||
| 245 | 0 | 4 |
_aThe Electrical machines problem solver / _cstaff of Research and Education Association ; _b M. Fogiel, director. |
| 260 |
_aNew York, NY : _bREA, _cc1983. |
||
| 300 |
_axii, 786 p. : _bill. ; _c26 cm. |
||
| 505 | _aElectromagnetism (Page-1), Magnetic Circuits (Page-41), Electric Circuits (Page-98), D .C. Generators (Page-161), D.C. Motors (Page-198), Transformers (Page-247), A.C. Machines (Page-399), Synchronous Generators (Page-447), Synchronous Motors (Page-511), Induction Machines (Page-553), Special Machines (Page-669), Transmission and Distribution of Power (Page-698). | ||
| 650 | 0 |
_aElectric machinery _xProblems, exercises, etc. _9101559 |
|
| 700 | 1 |
_aFogiel, M. _98629 |
|
| 710 | 2 |
_aResearch and Education Association. _936439 |
|
| 856 | 4 | 2 |
_3Publisher description _uhttp://www.loc.gov/catdir/enhancements/fy0609/83062280-d.html |
| 942 |
_2ddc _cBK |
||
| 999 |
_c179644 _d179644 |
||